000 00309nam a2200133Ia 4500
008 231129s1959||||xx |||||||||||||| ||spa||
040 _bspa
082 _aCo863 J37ca
100 _aJaramillo Arango Euclides
245 0 _aUn campesino sin regreso
260 _c1959
264 _aBedout
942 _2ddc
_cBKS
999 _c25800
_d25800